[Event "Gibraltar ChallWk1 11th "]
[Site "Gibraltar"]
[Date "2013.01.23"]
[Round "3.4"]
[White "Pena Riasco, Alexander"]
[Black "Sanchez Botella, Luis Javier"]
[Result "0-1"]
[WhiteElo "2156"]
[BlackElo "2196"]
[PlyCount "62"]
[EventDate "2013.01.21"]
[EventType "swiss"]
[EventRounds "5"]
[EventCountry "GGB"]
[SourceTitle "BritBase"]
[Source "www.saund.co.uk"]
[SourceDate "2018.02.10"]
[SourceVersion "1"]
[SourceVersionDate "2018.02.10"]
[SourceQuality "1"]

1. e4 c5 2. Nf3 e6 3. d4 cxd4 4. Nxd4 Nc6 5. Nb5 d6 6. c4 Nf6 7. N1c3 a6 8. Nd4
Be7 9. Be2 O-O 10. O-O Qc7 11. Be3 Ne5 12. Rc1 b6 13. f4 Ned7 14. Bf3 Bb7 15.
f5 e5 16. Nd5 Qd8 17. Ne2 Nxd5 18. cxd5 Rc8 19. Qd2 b5 20. Rxc8 Qxc8 21. Rc1
Qb8 22. Rc2 Rc8 23. Nc1 Bd8 24. Nd3 Rxc2 25. Qxc2 Bb6 26. Bxb6 Nxb6 27. Nf2 Qc8
28. Qxc8+ Bxc8 29. b3 Kf8 30. Kf1 Ke7 31. Ke2 Nd7 {White's mobile phone rang}
0-1

[Event "Gibraltar ChallWk1 11th "]
[Site "Gibraltar"]
[Date "2013.01.23"]
[Round "3.5"]
[White "Dolzhikova, Olga"]
[Black "Byrn, Carsten"]
[Result "1-0"]
[WhiteElo "2239"]
[BlackElo "2114"]
[PlyCount "137"]
[EventDate "2013.01.21"]
[EventType "swiss"]
[EventRounds "5"]
[EventCountry "GGB"]
[SourceTitle "BritBase"]
[Source "www.saund.co.uk"]
[SourceDate "2018.02.10"]
[SourceVersion "1"]
[SourceVersionDate "2018.02.10"]
[SourceQuality "1"]

1. e4 c5 2. c3 Nf6 3. e5 Nd5 4. d4 cxd4 5. Qxd4 e6 6. Nf3 Nc6 7. Qe4 d6 8. Bb5
Bd7 9. c4 Nb6 10. exd6 Bxd6 11. O-O a6 12. Rd1 Qc7 13. Nc3 O-O 14. Be3 Nc8 15.
Ba4 f5 16. Qh4 Be7 17. Bg5 h6 18. Bxe7 N8xe7 19. b4 Ng6 20. Qg3 Qxg3 21. hxg3
Rad8 22. a3 Nce5 23. Bxd7 Rxd7 24. Rxd7 Nxd7 25. Rd1 Nf6 26. Rd6 Rc8 27. c5 Kf7
28. Nd4 Nf8 29. f3 Rc7 30. Kf2 Rd7 31. Rxd7+ N8xd7 32. c6 bxc6 33. Nxc6 e5 34.
b5 axb5 35. Nxb5 Ke6 36. Nb4 Nb6 37. Ke3 Nfd5+ 38. Nxd5 Kxd5 39. Nc7+ Kc6 40.
Ne6 g6 41. Kd3 Kd5 42. Nc7+ Kc6 43. Na6 g5 44. Nb4+ Kc5 45. Nc2 h5 46. Ne3 f4
47. gxf4 exf4 48. Nf5 Kd5 49. Ne7+ Ke5 50. Nc6+ Kd5 51. Nd4 Ke5 52. Ne2 Kd5 53.
Nc3+ Ke5 54. a4 g4 55. fxg4 hxg4 56. a5 Nd5 57. Nd1 Nb4+ 58. Kc4 Nc6 59. a6 Kd6
60. Nf2 g3 61. Nh3 Ne5+ 62. Kb5 Kc7 63. Nxf4 Ng4 64. Nd5+ Kc8 65. Kb6 Ne5 66.
a7 Nc4+ 67. Ka6 Nd6 68. Kb6 Nb5 69. Kxb5 1-0

[Event "Gibraltar ChallWk1 11th "]
[Site "Gibraltar"]
[Date "2013.01.23"]
[Round "3.6"]
[White "Lyell, Mark"]
[Black "Pinho, Paulo"]
[Result "0-1"]
[WhiteElo "2235"]
[BlackElo "2128"]
[PlyCount "70"]
[EventDate "2013.01.21"]
[EventType "swiss"]
[EventRounds "5"]
[EventCountry "GGB"]
[SourceTitle "BritBase"]
[Source "www.saund.co.uk"]
[SourceDate "2018.02.10"]
[SourceVersion "1"]
[SourceVersionDate "2018.02.10"]
[SourceQuality "1"]

1. e4 c5 2. Nf3 e6 3. c3 d5 4. e5 d4 5. g3 Nc6 6. Bg2 g5 7. h3 Bg7 8. Na3 Nxe5
9. Nxe5 Bxe5 10. Qe2 Qc7 11. cxd4 cxd4 12. d3 Bf6 13. Bd2 Ne7 14. Rc1 Qd8 15.
Rc5 Ng6 16. Ba5 Qd7 17. Nc4 O-O 18. h4 gxh4 19. Qf3 Be7 20. Rh5 Rb8 21. R5xh4
Bxh4 22. gxh4 b5 23. Ne5 Qd5 24. Nxg6 fxg6 25. Qxd5 exd5 26. Bxd5+ Kg7 27. Rg1
Bb7 28. Bb3 Rbe8+ 29. Kf1 Rf3 30. Rg4 Rxd3 31. Bc7 Rh3 32. f4 Rf3+ 33. Kg1 Re1+
34. Kg2 Re2+ 35. Kg1 Re1+ 0-1

[Event "Gibraltar ChallWk1 11th "]
[Site "Gibraltar"]
[Date "2013.01.23"]
[Round "3.7"]
[White "Janev, Pavel"]
[Black "Nikolaidis, Konstantinos"]
[Result "1/2-1/2"]
[WhiteElo "2126"]
[BlackElo "2233"]
[PlyCount "91"]
[EventDate "2013.01.21"]
[EventType "swiss"]
[EventRounds "5"]
[EventCountry "GGB"]
[SourceTitle "BritBase"]
[Source "www.saund.co.uk"]
[SourceDate "2018.02.10"]
[SourceVersion "1"]
[SourceVersionDate "2018.02.10"]
[SourceQuality "1"]

1. e4 e5 2. f4 d5 3. exd5 exf4 4. Nf3 Nf6 5. Nc3 Nxd5 6. Bc4 c6 7. d4 Bb4 8.
O-O O-O 9. Nxd5 cxd5 10. Bb3 Nc6 11. Bxf4 Bf5 12. c3 Be7 13. Bg3 Na5 14. Bc2
Bxc2 15. Qxc2 Nc4 16. Rae1 Rc8 17. Ne5 Nxe5 18. Rxe5 Bf6 19. Ref5 Bxd4+ 20. Kh1
g6 21. R5f3 Bg7 22. Qb3 Qd7 23. Rd1 Rc5 24. Rfd3 Rb5 25. Rxd5 Rxb3 26. Rxd7
Rxb2 27. h3 Bxc3 28. R1d3 Bf6 29. Rb3 Rxb3 30. axb3 b5 31. Rxa7 Rd8 32. Kh2 Rd3
33. b4 Kg7 34. Rb7 Rd5 35. Bf2 Be5+ 36. g3 Bd6 37. Be1 Be5 38. Kg2 h5 39. Kf3
Bf6 40. Bf2 Rd3+ 41. Ke4 Rd2 42. Kf3 Rd3+ 43. Ke4 Rd2 44. Kf3 Rd5 45. Ke4 Re5+
46. Kf3 1/2-1/2

[Event "Gibraltar ChallWk1 11th "]
[Site "Gibraltar"]
[Date "2013.01.23"]
[Round "3.8"]
[White "Cawley, Paul F"]
[Black "Zygouris, Hristos"]
[Result "0-1"]
[WhiteElo "2113"]
[BlackElo "2218"]
[PlyCount "52"]
[EventDate "2013.01.21"]
[EventType "swiss"]
[EventRounds "5"]
[EventCountry "GGB"]
[SourceTitle "BritBase"]
[Source "www.saund.co.uk"]
[SourceDate "2018.02.10"]
[SourceVersion "1"]
[SourceVersionDate "2018.02.10"]
[SourceQuality "1"]

1. e4 c6 2. d4 d5 3. exd5 cxd5 4. c4 Nf6 5. Nc3 e6 6. c5 b6 7. b4 Be7 8. Nf3
O-O 9. Bf4 a5 10. Na4 Nfd7 11. Bb5 e5 12. Nxe5 axb4 13. Nxd7 Bxd7 14. Bxd7 Nxd7
15. c6 b5 16. c7 Qe8 17. O-O bxa4 18. Re1 Nb6 19. Bd6 Nc8 20. Bxb4 Qd7 21. Bxe7
Nxe7 22. Rc1 Rfc8 23. Qe2 Nf5 24. Qe5 f6 25. Qe6+ Qxe6 26. Rxe6 Kf7 0-1

[Event "Gibraltar ChallWk1 11th "]
[Site "Gibraltar"]
[Date "2013.01.23"]
[Round "3.9"]
[White "Urbina Perez, Juan Antonio"]
[Black "Wallgren, Ulf"]
[Result "1-0"]
[WhiteElo "2214"]
[BlackElo "2097"]
[PlyCount "84"]
[EventDate "2013.01.21"]
[EventType "swiss"]
[EventRounds "5"]
[EventCountry "GGB"]
[SourceTitle "BritBase"]
[Source "www.saund.co.uk"]
[SourceDate "2018.02.10"]
[SourceVersion "1"]
[SourceVersionDate "2018.02.10"]
[SourceQuality "1"]

1. e4 e5 2. Nf3 Nc6 3. Bb5 a6 4. Ba4 Nf6 5. Qe2 b5 6. Bb3 Bc5 7. d3 d6 8. c3
O-O 9. Bg5 h6 10. Bh4 Qe7 11. Bd5 Bd7 12. Nbd2 Rab8 13. Nf1 Nd8 14. Ng3 g5 15.
Nxg5 Nxd5 16. Nf3 Qe8 17. exd5 f5 18. d4 exd4 19. Nxd4 Bxd4 20. cxd4 Qxe2+ 21.
Nxe2 Re8 22. Bxd8 Rbxd8 23. Kd2 c6 24. dxc6 Bxc6 25. f3 Re7 26. Nf4 Kf7 27.
Rhe1 Rde8 28. Rxe7+ Rxe7 29. Rc1 Bb7 30. Re1 Rxe1 31. Kxe1 a5 32. Kd2 Kf6 33.
Ke3 Ba8 34. Ne2 h5 35. h4 Bd5 36. a3 Bc4 37. Ng3 Kg6 38. Kf4 Be6 39. d5 Bc8 40.
Ke3 Bb7 41. Ne2 Ba8 42. Nf4+ Kf6 1-0

[Event "Gibraltar ChallWk1 11th "]
[Site "Gibraltar"]
[Date "2013.01.23"]
[Round "3.10"]
[White "Schouten, Freek"]
[Black "Smith, Andrew Philip"]
[Result "1/2-1/2"]
[WhiteElo "2060"]
[BlackElo "2175"]
[PlyCount "84"]
[EventDate "2013.01.21"]
[EventType "swiss"]
[EventRounds "5"]
[EventCountry "GGB"]
[SourceTitle "BritBase"]
[Source "www.saund.co.uk"]
[SourceDate "2018.02.10"]
[SourceVersion "1"]
[SourceVersionDate "2018.02.10"]
[SourceQuality "1"]

1. d4 Nf6 2. c4 c5 3. d5 e6 4. Nc3 exd5 5. cxd5 d6 6. e4 g6 7. f4 Bg7 8. Bb5+
Nfd7 9. a4 a6 10. Be2 O-O 11. Nf3 Nf6 12. O-O Bg4 13. Nd2 Bxe2 14. Qxe2 Nbd7
15. a5 Qc7 16. Nc4 Rfe8 17. Qf3 Rab8 18. Kh1 b5 19. axb6 Nxb6 20. Na5 Nbd7 21.
Nc6 Rb3 22. e5 dxe5 23. fxe5 Nxe5 24. Nxe5 Qxe5 25. Rxa6 Rb7 26. d6 Rd7 27. Bf4
Qf5 28. h3 Nh5 29. Bh2 Qxf3 30. gxf3 f5 31. Rc6 Bd4 32. Nd5 Bxb2 33. Rc7 Rdd8
34. d7 Rf8 35. Ne7+ Kh8 36. Nc6 Ra8 37. Bd6 Rg8 38. d8=Q Raxd8 39. Nxd8 Rxd8
40. Rd1 Kg8 41. Rxc5 Nf4 42. Rc2 Ba3 1/2-1/2

[Event "Gibraltar ChallWk1 11th "]
[Site "Gibraltar"]
[Date "2013.01.23"]
[Round "3.11"]
[White "Onabogun, Kolade"]
[Black "Burrows, Martin P"]
[Result "1-0"]
[WhiteElo "1978"]
[BlackElo "2153"]
[PlyCount "109"]
[EventDate "2013.01.21"]
[EventType "swiss"]
[EventRounds "5"]
[EventCountry "GGB"]
[SourceTitle "BritBase"]
[Source "www.saund.co.uk"]
[SourceDate "2018.02.10"]
[SourceVersion "1"]
[SourceVersionDate "2018.02.10"]
[SourceQuality "1"]

1. e4 c5 2. Nf3 d6 3. c3 Nf6 4. Bd3 Nc6 5. Bc2 Bg4 6. d3 g6 7. Nbd2 Bg7 8. h3
Bd7 9. O-O e5 10. Nc4 Qc7 11. a3 O-O 12. Bg5 h6 13. Bh4 Rfe8 14. Ne3 Ne7 15.
Bb3 Bc6 16. Bxf6 Bxf6 17. Ng4 Bg7 18. Qd2 g5 19. Nxg5 hxg5 20. Qxg5 Kf8 21. f4
c4 22. fxe5 cxb3 23. e6 f5 24. exf5 Nd5 25. f6 Rxe6 26. fxg7+ Kg8 27. Rae1 Rxe1
28. Nh6+ Kh7 29. g8=Q+ Rxg8 30. Qxg8+ Kxh6 31. Rxe1 Qg7 32. Re6+ Nf6 33. Qxg7+
Kxg7 34. Rxd6 Nd5 35. Re6 Nf4 36. Re3 Kf6 37. g4 Kg5 38. c4 Kh4 39. d4 Nxh3+
40. Kf1 Nf4 41. Rxb3 Be4 42. Kf2 Kxg4 43. Ke3 Bc6 44. d5 Nxd5+ 45. cxd5 Bxd5
46. Rb5 Bc6 47. Re5 Bg2 48. a4 Bc6 49. a5 a6 50. b4 Bh1 51. Kd4 Kf4 52. Re1 Bg2
53. Kc5 Kf5 54. Kb6 Kf6 55. Re8 1-0

[Event "Gibraltar ChallWk1 11th "]
[Site "Gibraltar"]
[Date "2013.01.23"]
[Round "3.12"]
[White "Kvisla, Johannes Luangtep"]
[Black "Lindsoe, Fredrik Aunan"]
[Result "1-0"]
[WhiteElo "2148"]
[BlackElo "2064"]
[PlyCount "231"]
[EventDate "2013.01.21"]
[EventType "swiss"]
[EventRounds "5"]
[EventCountry "GGB"]
[SourceTitle "BritBase"]
[Source "www.saund.co.uk"]
[SourceDate "2018.02.10"]
[SourceVersion "1"]
[SourceVersionDate "2018.02.10"]
[SourceQuality "1"]

1. e4 c5 2. Nf3 Nc6 3. d4 cxd4 4. Nxd4 g6 5. c4 Bg7 6. Nc2 Nf6 7. Nc3 O-O 8.
Be2 d6 9. O-O a5 10. Be3 a4 11. f3 Nd7 12. Qd2 Qa5 13. Na3 Qb4 14. Rac1 Nc5 15.
Nab5 Be6 16. a3 Qa5 17. Qc2 Ne5 18. Nd5 Bxd5 19. exd5 Nb3 20. Rcd1 Rac8 21. Nd4
b5 22. Nc6 Nxc6 23. dxc6 bxc4 24. Bxc4 Qe5 25. Rfe1 Qxb2 26. Qe4 Na5 27. Bd5 e6
28. Qxa4 exd5 29. Rb1 Qc3 30. Rbc1 Qb2 31. Qxa5 d4 32. Bf2 d3 33. Red1 Rfe8 34.
Rb1 Qa2 35. c7 Be5 36. g3 d5 37. Rbc1 Qb2 38. Qa4 Re7 39. f4 Rexc7 40. Rxc7
Bxc7 41. Rxd3 Bb6 42. Bxb6 Qxb6+ 43. Qd4 Qxd4+ 44. Rxd4 Rc1+ 45. Kf2 Rc2+ 46.
Ke3 Ra2 47. Rd3 Rxh2 48. Kd4 Kf8 49. Kxd5 Ke7 50. a4 Kd7 51. Ra3 Rh5+ 52. Kc4
Ra5 53. Kb4 Ra8 54. a5 Kc6 55. Rc3+ Kb7 56. Kb5 Rb8 57. a6+ Ka8+ 58. Ka5 Rb1
59. Rc8+ Rb8 60. Rc7 Rb1 61. Rxf7 Ra1+ 62. Kb6 Rb1+ 63. Kc6 Rc1+ 64. Kd6 Rg1
65. Rxh7 Rxg3 66. Ke5 Re3+ 67. Kf6 Rf3 68. Ke5 Re3+ 69. Kd5 Re1 70. Rg7 Rg1 71.
Ke5 Re1+ 72. Kd5 Rd1+ 73. Ke6 Re1+ 74. Kf6 Rf1 75. Kg5 Rg1+ 76. Kh6 Rg4 77. Rf7
Kb8 78. Kg7 Ka8 79. Rf6 Ka7 80. Kf7 Ka8 81. Ke6 Ka7 82. Ke5 Ka8 83. Rd6 Kb8 84.
Rd4 Ka7 85. Rd6 Kb8 86. Rd7 Rg1 87. Ke4 Rg3 88. Kd4 Rg4 89. Ke3 Ka8 90. Kf3 Rg1
91. Rc7 Kb8 92. Rc5 Rf1+ 93. Ke3 Re1+ 94. Kf2 Re4 95. Kf3 Re6 96. Ra5 Ka7 97.
Kg4 Re1 98. Ra3 Re6 99. Kg5 Rd6 100. Rh3 Kxa6 101. Rh6 Kb5 102. Rxg6 Rd8 103.
Re6 Kc5 104. f5 Kd5 105. Re7 Rg8+ 106. Kf6 Rf8+ 107. Kg6 Kd6 108. Re1 Rg8+ 109.
Kf7 Rg5 110. f6 Rh5 111. Kg6 Rh2 112. f7 Rg2+ 113. Kf6 Rf2+ 114. Kg7 Rg2+ 115.
Kf8 Rh2 116. Ke8 1-0

[Event "Gibraltar ChallWk1 11th "]
[Site "Gibraltar"]
[Date "2013.01.23"]
[Round "3.13"]
[White "Severijnen, Arjon"]
[Black "Becham, Khalid"]
[Result "1-0"]
[WhiteElo "2138"]
[BlackElo "1929"]
[PlyCount "51"]
[EventDate "2013.01.21"]
[EventType "swiss"]
[EventRounds "5"]
[EventCountry "GGB"]
[SourceTitle "BritBase"]
[Source "www.saund.co.uk"]
[SourceDate "2018.02.10"]
[SourceVersion "1"]
[SourceVersionDate "2018.02.10"]
[SourceQuality "1"]

1. e4 e6 2. d4 d5 3. Nc3 Bb4 4. Bd3 c5 5. exd5 Qxd5 6. Bd2 Bxc3 7. Bxc3 Qxg2 8.
Qf3 Qxf3 9. Nxf3 cxd4 10. Nxd4 f6 11. Rg1 g6 12. Nb5 Na6 13. O-O-O Ke7 14. Be4
Nh6 15. Rd2 Nf7 16. Rgd1 e5 17. Ba5 Re8 18. Bd5 Rf8 19. c4 Nd8 20. Bf3 Nc6 21.
Nc7 Nxc7 22. Bxc7 Re8 23. c5 Be6 24. b4 a6 25. a4 g5 26. Rd6 1-0

[Event "Gibraltar ChallWk1 11th "]
[Site "Gibraltar"]
[Date "2013.01.23"]
[Round "3.14"]
[White "Vea, Odin Blikra"]
[Black "Samu, Sorin-Mihai"]
[Result "1-0"]
[WhiteElo "2233"]
[BlackElo "2095"]
[PlyCount "75"]
[EventDate "2013.01.21"]
[EventType "swiss"]
[EventRounds "5"]
[EventCountry "GGB"]
[SourceTitle "BritBase"]
[Source "www.saund.co.uk"]
[SourceDate "2018.02.10"]
[SourceVersion "1"]
[SourceVersionDate "2018.02.10"]
[SourceQuality "1"]

1. e4 Nc6 2. Nf3 e6 3. d4 d5 4. e5 Nge7 5. c3 Nf5 6. Bd3 f6 7. exf6 Qxf6 8. Bg5
Qf7 9. O-O Bd6 10. b4 O-O 11. b5 Na5 12. Ne5 Bxe5 13. dxe5 h6 14. Bc1 c5 15.
bxc6 Nxc6 16. Qe2 b6 17. Ba3 Re8 18. Nd2 Bb7 19. Nf3 Rac8 20. Rad1 Qh5 21. h3
Nh4 22. Nxh4 Qxh4 23. Bg6 Red8 24. Bb1 Qa4 25. Bd6 Ba6 26. Qh5 Bxf1 27. Rxf1
Qf4 28. Qg6 Rxd6 29. Qh7+ Kf8 30. exd6 Qf7 31. Re1 e5 32. Re3 e4 33. Bxe4 dxe4
34. Rxe4 g5 35. Qh8+ Qg8 36. d7 Rd8 37. Re8+ Kf7 38. Qxg8+ 1-0

[Event "Gibraltar ChallWk1 11th "]
[Site "Gibraltar"]
[Date "2013.01.23"]
[Round "3.15"]
[White "Galvan, Jesus"]
[Black "Nafri, Khalil"]
[Result "1-0"]
[WhiteElo "2231"]
[BlackElo "2091"]
[PlyCount "83"]
[EventDate "2013.01.21"]
[EventType "swiss"]
[EventRounds "5"]
[EventCountry "GGB"]
[SourceTitle "BritBase"]
[Source "www.saund.co.uk"]
[SourceDate "2018.02.10"]
[SourceVersion "1"]
[SourceVersionDate "2018.02.10"]
[SourceQuality "1"]

1. d4 Nf6 2. c4 e6 3. Nc3 d5 4. Bg5 c6 5. e3 Nbd7 6. cxd5 exd5 7. Bd3 Be7 8.
Qc2 O-O 9. Nge2 Re8 10. f3 h6 11. Bh4 c5 12. O-O b6 13. Kh1 Bb7 14. Bf2 Bd6 15.
Ng3 Bxg3 16. hxg3 h5 17. Rfe1 Rc8 18. Rad1 a6 19. a4 Rc7 20. Bf1 Qc8 21. Qb3
Qa8 22. Qa3 Qc8 23. Kg1 Kh8 24. a5 cxd4 25. exd4 b5 26. Bd3 Nf8 27. Re5 Rxe5
28. dxe5 N6d7 29. f4 Nc5 30. Be2 Ne4 31. Nxe4 dxe4 32. Bxh5 g6 33. Be2 Ne6 34.
Qe3 Rc2 35. Bg4 Rxb2 36. f5 gxf5 37. Qh6+ Kg8 38. Bxf5 Rxf2 39. Kxf2 Qc2+ 40.
Ke1 Qc3+ 41. Kf1 Qc4+ 42. Kg1 1-0

[Event "Gibraltar ChallWk1 11th "]
[Site "Gibraltar"]
[Date "2013.01.23"]
[Round "3.16"]
[White "Elishev, Ivan"]
[Black "Corsino, Gianluca"]
[Result "0-1"]
[WhiteElo "2185"]
[BlackElo "2059"]
[PlyCount "126"]
[EventDate "2013.01.21"]
[EventType "swiss"]
[EventRounds "5"]
[EventCountry "GGB"]
[SourceTitle "BritBase"]
[Source "www.saund.co.uk"]
[SourceDate "2018.02.10"]
[SourceVersion "1"]
[SourceVersionDate "2018.02.10"]
[SourceQuality "1"]

1. e4 c5 2. Nf3 d6 3. b4 Nf6 4. bxc5 dxc5 5. Nc3 e6 6. g3 b6 7. Bg2 Bb7 8. Qe2
Nc6 9. O-O Nd4 10. Nxd4 cxd4 11. e5 Bxg2 12. Kxg2 dxc3 13. exf6 Qd5+ 14. Kg1
gxf6 15. dxc3 Bc5 16. Rd1 Qc6 17. Be3 Bxe3 18. Qxe3 Ke7 19. Rd3 Rhd8 20. Rad1
Rxd3 21. Qxd3 Rc8 22. Qxh7 Qxc3 23. Qe4 Qxc2 24. Qd4 Qc7 25. Qb4+ Qc5 26. Qd2
Qc7 27. h4 Rd8 28. Qb4+ Qc5 29. Qb3 Rxd1+ 30. Qxd1 Kf8 31. Qg4 b5 32. Qf4 Kg7
33. Qg4+ Kh7 34. Qf4 Kg7 35. Qg4+ Kh7 36. Qf4 Qe5 37. Qb4 Kg7 38. a3 f5 39. Kh2
a6 40. Qe7 f4 41. Qb4 fxg3+ 42. fxg3 Qe2+ 43. Kh3 Qf1+ 44. Kh2 Qf5 45. Kg2 e5
46. Qc3 Qe4+ 47. Kh3 Qf5+ 48. Kh2 Qe6 49. Kg2 Qf6 50. Qe3 Qf5 51. Qc5 Qe6 52.
Kf3 Kg6 53. Qe3 Qd5+ 54. Ke2 f6 55. Kf1 a5 56. Kg1 Qd4 57. Kf2 Qxe3+ 58. Kxe3
f5 59. Kd3 Kh5 60. Ke2 b4 61. axb4 axb4 62. Kd3 b3 63. Kc3 f4 0-1

[Event "Gibraltar ChallWk1 11th "]
[Site "Gibraltar"]
[Date "2013.01.23"]
[Round "3.17"]
[White "Kozarcanin, Sead"]
[Black "Taus, Martin"]
[Result "1-0"]
[WhiteElo "2090"]
[BlackElo "2181"]
[PlyCount "94"]
[EventDate "2013.01.21"]
[EventType "swiss"]
[EventRounds "5"]
[EventCountry "GGB"]
[SourceTitle "BritBase"]
[Source "www.saund.co.uk"]
[SourceDate "2018.02.10"]
[SourceVersion "1"]
[SourceVersionDate "2018.02.10"]
[SourceQuality "1"]

1. Nf3 Nc6 2. e4 Nf6 3. d3 e5 4. g3 Bc5 5. Bg2 O-O 6. O-O d5 7. exd5 Nxd5 8. a3
Re8 9. Re1 a5 10. Nbd2 Bg4 11. h3 Bh5 12. Nc4 f6 13. Ne3 Nxe3 14. Bxe3 Nd4 15.
g4 Bf7 16. Nxd4 exd4 17. Bd2 c6 18. b4 axb4 19. axb4 Rxa1 20. Qxa1 Bd6 21. Re4
Rxe4 22. Bxe4 Bb8 23. Kf1 h5 24. Qa8 hxg4 25. hxg4 Qc7 26. b5 cxb5 27. Bxb7 Qe5
28. Bf3 Be6 29. Qc6 Kf7 30. Qb7+ Kg8 31. Qe7 g5 32. Bb4 f5 33. Qxg5+ Kh7 34.
gxf5 Bxf5 35. Qxf5+ Qxf5 36. Be4 Kg6 37. Ke2 Kf6 38. Bxf5 Kxf5 39. Bc5 Be5 40.
Kf3 Bf6 41. Bd6 Bg7 42. Kg3 Bf6 43. f4 Bd8 44. Kf3 Bb6 45. Be5 Bc5 46. Kg3 Bb6
47. Kh4 Bc5 {The remainder of the scoresheet is illegible} 1-0

[Event "Gibraltar ChallWk1 11th "]
[Site "Gibraltar"]
[Date "2013.01.23"]
[Round "3.18"]
[White "Allor, Chukwuka"]
[Black "Zanetti, Bruno"]
[Result "0-1"]
[WhiteElo "2154"]
[BlackElo "2030"]
[PlyCount "26"]
[EventDate "2013.01.21"]
[EventType "swiss"]
[EventRounds "5"]
[EventCountry "GGB"]
[SourceTitle "BritBase"]
[Source "www.saund.co.uk"]
[SourceDate "2018.02.10"]
[SourceVersion "1"]
[SourceVersionDate "2018.02.10"]
[SourceQuality "1"]

1. Nf3 g6 2. e4 Bg7 3. d4 c5 4. Nc3 cxd4 5. Nxd4 Nc6 6. Be3 d6 7. Qd2 Bd7 8.
O-O-O a6 9. Nd5 Rc8 10. Nb3 e6 11. Bb6 Qh4 12. Nc7+ Rxc7 13. Bxc7 Bh6 0-1

[Event "Gibraltar ChallWk1 11th "]
[Site "Gibraltar"]
[Date "2013.01.23"]
[Round "3.19"]
[White "Ungureanu, Sandu"]
[Black "Wiedersich, Jens"]
[Result "0-1"]
[WhiteElo "2019"]
[BlackElo "2120"]
[PlyCount "132"]
[EventDate "2013.01.21"]
[EventType "swiss"]
[EventRounds "5"]
[EventCountry "GGB"]
[SourceTitle "BritBase"]
[Source "www.saund.co.uk"]
[SourceDate "2018.02.10"]
[SourceVersion "1"]
[SourceVersionDate "2018.02.10"]
[SourceQuality "1"]

1. c4 c5 2. Nc3 g6 3. Nf3 Bg7 4. d4 cxd4 5. Nxd4 d6 6. e4 Nc6 7. Be3 Nf6 8. Be2
Bd7 9. Qd2 Nxd4 10. Bxd4 Qa5 11. f3 Rc8 12. O-O Be6 13. b4 Qd8 14. Nd5 Bxd5 15.
cxd5 a6 16. b5 axb5 17. Bxb5+ Kf8 18. Rfc1 Nd7 19. Bxd7 Qxd7 20. Rxc8+ Qxc8 21.
Rb1 Bxd4+ 22. Qxd4 f6 23. Qb6 Kf7 24. Qxb7 Qc5+ 25. Kh1 Rc8 26. h3 Rc7 27. Qb2
Qc4 28. Qd2 Kg7 29. Kh2 Ra7 30. Rb2 Qc5 31. Qf2 Qxf2 32. Rxf2 f5 33. exf5 gxf5
34. f4 Ra5 35. Rd2 Ra3 36. g3 h5 37. h4 Kf7 38. Kh3 Ra5 39. Kh2 Kf6 40. Kg1 Kf7
41. Kf1 Ra3 42. Kf2 Kf6 43. Ke2 Rxg3 44. a4 Rg4 45. Kf3 Rxh4 46. Ra2 Rh3+ 47.
Kg2 Rc3 48. a5 Rc7 49. a6 Ra7 50. Kg3 e5 51. dxe6 Kxe6 52. Kh4 Kf6 53. Ra5 Kg6
54. Kg3 d5 55. Kf3 d4 56. Ke2 h4 57. Ra2 Kh5 58. Kf3 d3 59. Ra5 Rd7 60. Rxf5+
Kh6 61. a7 d2 62. Rf6+ Kg7 63. a8=Q d1=Q+ 64. Kg2 Qg4+ 65. Kf1 Rd1+ 66. Kf2
Rd2+ 0-1

[Event "Gibraltar ChallWk1 11th "]
[Site "Gibraltar"]
[Date "2013.01.23"]
[Round "3.20"]
[White "Reppen, Ellisiv"]
[Black "Uran Bermudez, Oliver Kevin"]
[Result "0-1"]
[WhiteElo "2005"]
[BlackElo "2113"]
[PlyCount "100"]
[EventDate "2013.01.21"]
[EventType "swiss"]
[EventRounds "5"]
[EventCountry "GGB"]
[SourceTitle "BritBase"]
[Source "www.saund.co.uk"]
[SourceDate "2018.02.10"]
[SourceVersion "1"]
[SourceVersionDate "2018.02.10"]
[SourceQuality "1"]

1. e4 e6 2. d4 d5 3. Nc3 c6 4. e5 Bb4 5. Qg4 Kf8 6. Bd3 b6 7. Nge2 Ba6 8. Bxa6
Nxa6 9. a3 Bxc3+ 10. Nxc3 Ne7 11. Bg5 h6 12. Bxe7+ Qxe7 13. O-O Nc7 14. Rad1
Qg5 15. Qe2 Ke7 16. f4 Qg6 17. Rf2 Qh7 18. Rdf1 g6 19. Qd3 h5 20. Na2 Kd7 21.
a4 Rhc8 22. Qa3 Ne8 23. Nb4 Ng7 24. Na6 Nf5 25. Re2 Qh6 26. b4 g5 27. fxg5 Qxg5
28. Ref2 Rg8 29. b5 Rac8 30. Nb4 Qe7 31. Qb2 cxb5 32. axb5 Rg4 33. Nc6 Qg5 34.
c3 Rg8 35. Qd2 Qxd2 36. Rxd2 a5 37. Rff2 R8g7 38. Rde2 h4 39. h3 Rg3 40. c4
dxc4 41. d5 Rd3 42. dxe6+ fxe6 43. Rd2 Rgg3 44. Nb8+ Ke8 45. Na6 c3 46. Rc2
Rge3 47. Nc7+ Kd7 48. Na8 Rd1+ 49. Kh2 Ng3 50. Nxb6+ Ke8 0-1

[Event "Gibraltar ChallWk1 11th "]
[Site "Gibraltar"]
[Date "2013.01.23"]
[Round "3.21"]
[White "Gromovs, Sergejs"]
[Black "Gieritz, Dietmar"]
[Result "1-0"]
[WhiteElo "2001"]
[BlackElo "2112"]
[PlyCount "127"]
[EventDate "2013.01.21"]
[EventType "swiss"]
[EventRounds "5"]
[EventCountry "GGB"]
[SourceTitle "BritBase"]
[Source "www.saund.co.uk"]
[SourceDate "2018.02.10"]
[SourceVersion "1"]
[SourceVersionDate "2018.02.10"]
[SourceQuality "1"]

1. d4 Nf6 2. c4 g6 3. Nc3 d5 4. Qb3 dxc4 5. Qxc4 Bg7 6. e4 c6 7. Nf3 O-O 8. a4
a5 9. e5 Be6 10. exf6 Bxc4 11. fxg7 Kxg7 12. Bxc4 Nd7 13. O-O Qb6 14. Re1 Nf6
15. b3 e6 16. Ba3 Rfd8 17. Be7 Rd7 18. Bc5 Qc7 19. Rac1 b6 20. Ba3 Qf4 21. Ne2
Qf5 22. Ng3 Qf4 23. Ne2 Qf5 24. Ne5 Rb7 25. Bd3 Qh5 26. Rxc6 Nd5 27. Be4 Qg5
28. Bc1 Qe7 29. Bd2 Re8 30. g3 Qa3 31. Nc4 Qa2 32. Nc1 Qa1 33. Bxd5 exd5 34.
Rxe8 dxc4 35. Rxc4 b5 36. axb5 Rxb5 37. Kg2 Qb1 38. Bf4 g5 39. Be3 Qf5 40. Re5
Rxe5 41. dxe5 Kg6 42. Rc6+ Kg7 43. Rc4 Kg6 44. h4 h6 45. hxg5 hxg5 46. Rc6+ Kg7
47. Rd6 Kg8 48. Nd3 Kf8 49. Rd4 g4 50. Nc5 Qc8 51. e6 Qc6+ 52. Kg1 fxe6 53.
Rxg4 Qd5 54. Rd4 Qc6 55. Re4 Qd5 56. Nxe6+ Kf7 57. Nc5 Qd1+ 58. Kg2 Qd6 59. g4
Kf6 60. f3 Qd1 61. Re6+ Kf7 62. Bf2 Qd5 63. Ra6 Qd2 64. Ra7+ 1-0

[Event "Gibraltar ChallWk1 11th "]
[Site "Gibraltar"]
[Date "2013.01.23"]
[Round "3.23"]
[White "Olhovik, Andrei"]
[Black "Obiamiwe, Paul"]
[Result "1-0"]
[WhiteElo "2246"]
[BlackElo "1973"]
[PlyCount "75"]
[EventDate "2013.01.21"]
[EventType "swiss"]
[EventRounds "5"]
[EventCountry "GGB"]
[SourceTitle "BritBase"]
[Source "www.saund.co.uk"]
[SourceDate "2018.02.10"]
[SourceVersion "1"]
[SourceVersionDate "2018.02.10"]
[SourceQuality "1"]

1. d4 d5 2. c4 e6 3. Nc3 Be7 4. cxd5 exd5 5. Bf4 c6 6. e3 Nf6 7. Bd3 Nbd7 8.
Qc2 Nf8 9. Nf3 Ne6 10. Be5 Bd6 11. O-O Bxe5 12. Nxe5 g6 13. b4 Nd7 14. f4 f5
15. Na4 O-O 16. Nf3 Qe7 17. b5 c5 18. dxc5 Ndxc5 19. Ne5 b6 20. Nc6 Qg7 21. Be2
Bb7 22. Bf3 Ne4 23. Rad1 Nc7 24. Bxe4 fxe4 25. Nd4 Rac8 26. Qb3 Qe7 27. Nc3
Rfd8 28. f5 Qg5 29. Nxe4 Qe7 30. Rf4 Kh8 31. fxg6 dxe4 32. Rf7 Bd5 33. Rxe7
Bxb3 34. Rxh7+ Kg8 35. axb3 Nxb5 36. h4 Nxd4 37. Rxd4 Rxd4 38. exd4 1-0